Delay in programme for coastal access (Record no. 77473)
[ view plain ]
| 000 -LEADER | |
|---|---|
| fixed length control field | 01173cab a2200205 4500 |
| 001 - CONTROL NUMBER | |
| control field | ##L134353 |
| 008 - FIXED-LENGTH DATA ELEMENTS--GENERAL INFORMATION | |
| fixed length control field | 060728n2006 000 0 eng u |
| 035 ## - SYSTEM CONTROL NUMBER | |
| System control number | (Sirsi) u134353 |
| 041 0# - LANGUAGE CODE | |
| Language code of text/sound track or separate title | eng |
| 110 1# - MAIN ENTRY--CORPORATE NAME | |
| Corporate name or jurisdiction name as entry element | United Kingdom |
| Subordinate unit | Department for Environment, Food and Rural Affairs |
| 245 00 - TITLE STATEMENT | |
| Title | Delay in programme for coastal access |
| 260 ## - PUBLICATION, DISTRIBUTION, ETC. | |
| Date of publication, distribution, etc. | 2006 |
| 490 #0 - SERIES STATEMENT | |
| Series statement | DEFRA News Release |
| Volume/sequential designation | (337/06) 18 July 2006 |
| 520 ## - SUMMARY, ETC. | |
| Summary, etc. | Work on ways to improve access to the English coast, an early priority for Labour's third term according to the government 2005 rural manifesto, has been delayed. In the light of Natural England assuming responsibility from the Countryside Agency in this area in October 2006, the Natural England Board has been asked to come forward with recommendations on coastal access before the end of December 2006 with a view to a public consultation in early 2007. |
| 590 ## - LOCAL NOTE (RLIN) | |
| Local note | IKA010806 |
| 651 #4 - SUBJECT ADDED ENTRY--GEOGRAPHIC NAME | |
| Geographic name | England |
| Chronological subdivision | 886- |
| 690 ## - LOCAL SUBJECT ADDED ENTRY--TOPICAL TERM (OCLC, RLIN) | |
| Topical term or geographic name as entry element | PROPERTY-RURAL AND NATURAL ASSETS-RURAL AND NATURAL ASSET MANAGEMENT-COASTAL MANAGEMENT |
| 856 40 - ELECTRONIC LOCATION AND ACCESS | |
| Uniform Resource Identifier | <a href="https://www.defra.gov.uk/news/2006/060718e.htm">https://www.defra.gov.uk/news/2006/060718e.htm</a> |
| Public note | View the news release free of charge at www.defra.gov.uk... |
| 942 ## - ADDED ENTRY ELEMENTS (KOHA) | |
| Suppress in OPAC | 0 |
| Withdrawn status | Lost status | Source of classification or shelving scheme | Damaged status | Not for loan | Home library | Current library | Shelving location | Date acquired | Total Checkouts | Full call number | Barcode | Date last seen | Copy number | Price effective from | Koha item type |
|---|---|---|---|---|---|---|---|---|---|---|---|---|---|---|---|
| Dewey Decimal Classification | Virtual | Virtual | Online | 28/07/2006 | ONLINE PUBLICATION | 134353-2001 | 06/08/2019 | 1 | 06/08/2019 | Journal article |